| 000 | 00689nam a2200193Ia 4500 | ||
|---|---|---|---|
| 008 | 151119s9999||||xx |||||||||||||| ||und|| | ||
| 082 | _a891.467 | ||
| 082 | _bGKKV32116 | ||
| 100 | _aसोनार अनिल | ||
| 245 | _aविश्वसुंदरी सुलभ हप्त्यात | ||
| 260 | _aमुंबई | ||
| 260 | _bमनोरमा प्रकाशन | ||
| 260 | _c0 | ||
| 600 | _aसोनार अनिल | ||
| 630 | _aविश्वसुंदरी सुलभ हप्त्यात | ||
| 700 | _aसोनार अनिल | ||
| 730 | _aविश्वसुंदरी सुलभ हप्त्यात | ||
| 942 | _cBOOK | ||
| 999 |
_c1084423 _d1084420 |
||